Relationship Between Rearing practices and psychosocial development of children below 3 years of age in A rural community / (رقم التسجيلة. 177151)

تفاصيل مارك
000 -LEADER
fixed length control field 01597namaa22003371i 4500
005 - أخر تعامل مع التسجيلة
control field 20260224100732.0
008 - FIXED-LENGTH DATA ELEMENTS--GENERAL INFORMATION
fixed length control field 251229s1995 ua a|||frm||| 000 0 eng d
040 ## - CATALOGING SOURCE
Original cataloguing agency EG-GICUC
Language of cataloging eng
Transcribing agency EG-GICUC
Modifying agency EG-GICUC
Description conventions rda
041 0# - LANGUAGE CODE
Language code of text/sound track or separate title eng
Language code of summary or abstract eng
-- ara
049 ## - Acquisition Source
Acquisition Source Deposit
097 ## - Degree
Degree Ph.D
099 ## - LOCAL FREE-TEXT CALL NUMBER (OCLC)
Local Call Number Cai01.17.04.Ph.D.1995.Na.R.
100 0# - MAIN ENTRY--PERSONAL NAME
Authority record control number or standard number Nagat Said I. Habib,
Preparation preparation.
245 10 - TITLE STATEMENT
Title Relationship Between Rearing practices and psychosocial development of children below 3 years of age in A rural community /
Statement of responsibility, etc. By Nagat Said I. Habib; Supervisors Prof. Dr. Laila M. kamel, Prof. Dr. Eman M. Mourad, Prof. Dr. Cheherezade Ghazi, Prof. Dr. Carol Brigham
246 15 - VARYING FORM OF TITLE
Title proper/short title العلاقة بين الممارسات التربوية والنمو النفسي الاجتماعي للطفل تحت عمر الثلاث سنوات في المجتمع الريفي
264 #0 - PRODUCTION, PUBLICATION, DISTRIBUTION, MANUFACTURE, AND COPYRIGHT NOTICE
Date of production, publication, distribution, manufacture, or copyright notice 1995.
300 ## - PHYSICAL DESCRIPTION
Extent 176 Leaves :
Other physical details illustrations
Dimensions 30 cm. +
336 ## - CONTENT TYPE
Source rda content
Content type term text
337 ## - MEDIA TYPE
Source rdamedia
Media type term Unmediated
338 ## - CARRIER TYPE
Source rdacarrier
Carrier type term volume
502 ## - DISSERTATION NOTE
Dissertation note Thesis (Ph.D)-Cairo University, 1995.
504 ## - BIBLIOGRAPHY, ETC. NOTE
Bibliography, etc. note Bibliography: pages 162-176
653 #0 - INDEX TERM--UNCONTROLLED
Uncontrolled term development of children
-- psychosocial
700 0# - ADDED ENTRY--PERSONAL NAME
Personal name Laila M. kamel
Relator term thesis advisor.
700 0# - ADDED ENTRY--PERSONAL NAME
Personal name Eman M. Mourad
Relator term thesis advisor.
700 0# - ADDED ENTRY--PERSONAL NAME
Personal name Cheherezade Ghazi
Relator term thesis advisor.
700 0# - ADDED ENTRY--PERSONAL NAME
Personal name Carol Brigham
Relator term thesis advisor.
900 ## - Thesis Information
Department Department of Nursing Sciences
Faculties Faculty of Medicine
Universities Cairo University
Grant date 1995
Supervisory body Laila M. kamel
-- Eman M. Mourad
-- Cheherezade Ghazi
-- Carol Brigham
905 ## - Cataloger and Reviser Names
Cataloger Name Nehad
Reviser Names Nourhan
942 ## - ADDED ENTRY ELEMENTS (KOHA)
Source of classification or shelving scheme Dewey Decimal Classification
Koha item type Thesis
Edition 21
Suppress in OPAC No
المقتنيات
Source of classification or shelving scheme Home library Current library Date acquired Inventory number Full call number Barcode Date last seen Effective from Koha item type
Dewey Decimal Classification المكتبة المركزبة الجديدة - جامعة القاهرة مكتبة المئوية 29.12.2025 26623 Cai01.17.04.Ph.D.1995.Na.R 01010110026623000 29.12.2025 29.12.2025 Thesis
Cairo University Libraries Portal Implemented & Customized by: Eng. M. Mohamady Contacts: new-lib@cl.cu.edu.eg | cnul@cl.cu.edu.eg
CUCL logo CNUL logo
© All rights reserved — Cairo University Libraries
CUCL logo
Implemented & Customized by: Eng. M. Mohamady Contact: new-lib@cl.cu.edu.eg © All rights reserved — New Central Library
CNUL logo
Implemented & Customized by: Eng. M. Mohamady Contact: cnul@cl.cu.edu.eg © All rights reserved — Cairo National University Library